[Event "Crema op 16th"]
[Site "Crema"]
[Date "2015.09.06"]
[Round "5"]
[White "Oteri, Aldo"]
[Black "Marinelli, Guido"]
[Result "1-0"]
[WhiteElo "1783"]
[BlackElo "1422"]
[PlyCount "29"]
[EventDate "2015.09.04"]
[EventType "swiss"]
[EventRounds "6"]
[EventCountry "ITA"]
[SourceTitle "EXT 2024"]
[Source "ChessBase"]
[SourceDate "2023.10.10"]
[SourceVersion "1"]
[SourceVersionDate "2023.10.10"]
[SourceQuality "1"]

1. e4 f6 2. d4 g6 3. Nf3 c6 4. Nc3 d6 5. Bc4 e6 6. 0-0 h6 7. d5 a6 8. dxe6 Ne7 9. Bf4 Ng8 10. a4 a5 11. Nh4 Ne7 12. Bxd6 Rg8 13. e5 Na6 14. exf6 Nc7 15. f7# 1-0